000 02076cam a22005534i 4500
003 PE-LiUPU
005 20250731165645.0
008 150616s1991 miu r 000 0 eng d
020 _a0801025486
035 _a(Sirsi) i9780801025488
040 _aPE-LiUPU
_bspa
_cPE-LiUPU
_erda
049 _aPRUA
082 0 4 _a225.4803
_bC59
_221
100 1 _aClapp, Philip S.,
_eautor.
245 1 0 _aAnalytical Concordance of the Greek New Testament
_n1 /
_cPhilip S. Clapp.
264 1 _aMichigan :
_bBaker Book House,
_c1991.
300 _a2619 páginas ;
_c28 centímetros.
336 _atext
_2rdacontent
337 _aunmediated
_2rdamedia
338 _avolume
_2rdacarrier
490 1 _aBaker's Greek New Testament Library ;
_v1
505 0 _aAcknowledgments -- Introduction -- Concordances to the Bible -- A history and Prospective -- How to use the Concordance -- Abbreviations and Symbols -- Concordance 1 -- Appendix: Critical Apparat.
526 _aSEG44
526 _aSEG26
526 _aP151
526 _aP150
526 _aP149
526 _aP146
526 _aP145
526 _aP126
526 _aP125
526 _aP92
526 _aP75
526 _aP74
526 _aP27
526 _aP15
630 0 4 _aBiblia.
_pN.T.
_vConcordancias.
630 0 4 _aBiblia.
_pN.T.
_xLenguaje y estilo.
650 1 4 _aLengua griega
_xGramática bíblica.
700 1 _aFriberg, Barbara
700 1 _aFriberg, Timothy.
910 _ajck
_bjvq
_cjck
942 _2ddc
_cBOOK
949 _aRC 225.4803 C59 1
_wDEWEY
_c1
_i41401
_lCCODEBUL1
_mBUL
_r0
_sY
_tBOOK
_u2015-6-16
_xTEOLOGIA
_zUNKNOWN
_0COMPRA
_o.CIRCNOTE. No olvidar cambiar la fecha de devolución!!!!!!!
_o.STAFF. Colección Teología
994 _aC0
_bPEPRU
596 _a1
999 _aRC 225.4803 C59 1
_wDEWEY
_c59068
_i41401
_d59068
_f2021-11-8
_g6
_lCCODEBUL1
_mBUL
_p20.00
_q1
_r1
_sY
_tBOOK
_u2015-6-16
_xTEOLOGIA
_PP35
_0COMPRA
_o.CIRCNOTE. No olvidar cambiar la fecha de devolución!!!!!!!
_o.STAFF. Colección Teología
980 _81
_gALBERTO SANCHEZ Responsable de Automatización